000 01171nam2a2200241 4500
001 rc\2647028
005 20260315042919.0
035 _a(NLR Aleph) 006954701
090 _a13562692
_c13562692
100 _a20110609d1928 u y0rusy50 ca
101 0 _arus
102 _aRU
105 _ay z |||||
200 1 _aГидрологические и климатические условия гибели пшеницы в 1927-1928 году и возможные агрикультур-технические мероприятия по борьбе с гибелью озимых
_fА.Ф. Лебедев и Е.В. Талалаев
210 _d1928
461 0 _1001rc\2647027
_12001#$aˆ[‰Издания]$e№ 2-$fДонская окр. зем. упр.$v№ 2
_95281801
_aДонская селекционная станция (Ростов-на-Дону)
_cРостов на Дону
_d1928
_fДонская окр. зем. упр.
_nБ. и.
_o№ 2-
_tˆ[‰Издания]
_v№ 2
700 1 _aЛебедев
_bА.Ф.
701 1 _aТалалаев
_bЕ.В.
801 0 _aRU
_bNLR
_gpsbo
801 1 _aRU
_bELAR
_2rusmarc
852 _aNLR
_j94/534
942 _cUNSPEC
980 _aNB